000 00606nam a22002297a 4500
003 OSt
005 20160704140131.0
008 160615b xxu||||| |||| 00| 0 eng d
020 _a0323040357
020 _a9780323040358
040 _cDNLM
082 _aQZ50 M467j 2006
100 _aJorden, Lynn B. [et....al]
_99407
245 _aMedical Genetics
250 _a3rd ed.
260 _aMissouri;
_bMosby.
_c2006
300 _axii,363p;
_b col.ill:
_c27.5cm
504 _aAnswers, glossary, & index included
650 _aMedical genetics
_95895
650 _aHuman cells
_99408
942 _2z
_cO_SHELF
999 _c4617
_d4617